| 000 | 00470nam a22001817a 4500 | ||
|---|---|---|---|
| 999 |
_c17888 _d17888 |
||
| 008 | 181022b xxu||||| |||| 00| 0 eng d | ||
| 020 | _a1138013384 | ||
| 050 |
_aG155 _b.H67 2016 c.1 |
||
| 100 | _aHorner, Susan | ||
| 245 |
_aConsumer Behaviour in Tourism _cSusan Horner |
||
| 250 | _a3rd ed. | ||
| 260 |
_aLondon _bRoutledge _c2016 |
||
| 300 | _aix, 446p. | ||
| 650 | _aConsumer Behaviour | ||
| 650 | _aTourism | ||
| 700 | _aJohn Swarbrooke | ||
| 942 |
_2lcc _cBK |
||